Satu kajian terhadap hadis-hadis zakat di dalam al-Muwatta' : rujukan khusus kepada sistem zakat di Malaysia /
محفوظ في:
| المؤلف الرئيسي: | |
|---|---|
| مؤلفون آخرون: | |
| التنسيق: | أطروحة كتاب |
| اللغة: | Malay |
| الموضوعات: | |
| الوسوم: |
إضافة وسم
لا توجد وسوم, كن أول من يضع وسما على هذه التسجيلة!
|
| LEADER | 01546cam a2200409 4500 | ||
|---|---|---|---|
| 001 | u83564 | ||
| 003 | SIRSI | ||
| 008 | 890622s1987 my mt 0 may | ||
| 015 | |a X880085031 | ||
| 035 | |a AAJ-0903 | ||
| 040 | |a UMM |d UMA |e rda | ||
| 043 | |a a-my--- | ||
| 050 | 1 | |a BP180 | |
| 090 | 0 | 0 | |a BP180 |b Checcm |
| 091 | 0 | 0 | |a Microfiche 10760 |
| 094 | |a BP42 |b A3 UM 1987 Checcm | ||
| 100 | 0 | 0 | |a Che Cob Che Mat |e author. |
| 245 | 1 | 0 | |a Satu kajian terhadap hadis-hadis zakat di dalam al-Muwatta' : |b rujukan khusus kepada sistem zakat di Malaysia / |c Che Cob bin Che Mat. |
| 264 | 1 | |c 1987. | |
| 264 | 4 | |c 1987. | |
| 300 | |a xv, 502 leaves ; |c 28 cm. | ||
| 336 | |a text |2 rdacontent | ||
| 337 | |a unmediated |2 rdamedia | ||
| 338 | |a volume |2 rdacarrier | ||
| 500 | |a Also available on microfiche. Kuala Lumpur : Perpustakaan Universiti Malaya, 1996. 6 fiches : negative ; 11x15cm | ||
| 502 | |a Dissertation (M.A.) - Jabatan Pengajian Islam, Universiti Malaya, 1988 | ||
| 504 | 0 | 0 | |a Bibliography: leaves 485-502 |
| 600 | 0 | 0 | |a Malik ibn Anas, |d -795. |t Muwatta' |
| 650 | 0 | |a Zakat. | |
| 650 | 0 | |a Islam |z Malaysia |x Charities. | |
| 650 | 0 | |a Hadith. | |
| 700 | 0 | 0 | |a Malik ibn Anas, |d -795. |t Muwatta' |
| 710 | 2 | 0 | |a Universiti Malaya. |b Jabatan Pengajian Islam. |
| 948 | |a 17/03/1991 |b 22/08/2003 | ||
| 596 | |a 1 12 | ||
| 999 | |a BP180 CHECCM |w LC |c 1 |i A505808237 |d 12/3/2017 |e 12/3/2017 |l STACKS |m P01UTAMA |n 53 |r Y |s Y |t TESIS |u 18/10/1991 | ||
| 999 | |a BP42 A3 UM 1987 CHECCM |w LC |c 1 |i A511085088 |d 17/5/2017 |e 17/5/2017 |l RESERVES |m P12ISLAMKL |n 5 |r Y |s Y |t TESIS |u 21/8/2003 | ||
